[Event "Loebau-Zittau KSK op"]
[Site "Leutersdorf"]
[Date "2004.02.15"]
[Round "7"]
[White "Roessler, Frank Peter"]
[Black "Schoenherr, Konrad"]
[Result "1-0"]
[WhiteElo "1916"]
[BlackElo "1769"]
[PlyCount "109"]
[EventDate "2004.02.13"]
[EventType "swiss"]
[EventRounds "7"]
[EventCountry "GER"]
[SourceTitle "CBM 098 Extra"]
[Source "ChessBase"]
[SourceDate "2004.03.10"]
[SourceVersion "2"]
[SourceVersionDate "2004.03.10"]
[SourceQuality "1"]

1. f4 d5 2. Nf3 Bg4 3. e3 Nd7 4. b3 e5 5. fxe5 Nxe5 6. Be2 Bxf3 7. Bxf3 c6 8. 0-0 Bd6 9. Bb2 Qg5 10. c4 Nf6 11. cxd5 cxd5 12. Nc3 0-0 13. Nb5 Bb8 14. Nd4 Nd3 15. Ba3 Qh4 16. g3 Bxg3 17. Qe2 Rfe8 18. hxg3 Qxg3+ 19. Qg2 Qxg2+ 20. Kxg2 Re5 21. Bd6 Rg5+ 22. Kh3 Ne4 23. Bxe4 dxe4 24. Bf4 Rh5+ 25. Kg4 g6 26. Kg3 Rd8 27. Rh1 Ra5 28. a4 Rdd5 29. Rh6 b5 30. Nc6 Nxf4 31. Nxa5 Nh5+ 32. Rxh5 Rxh5 33. axb5 Rxb5 34. Ra4 f5 35. b4 Rb6 36. Nc4 Rb5 37. Kf4 a6 38. Ne5 Kg7 39. d4 Rb6 40. Nd7 Rd6 41. Nc5 Rd5 42. Rxa6 Kh6 43. Ne6 Rb5 44. Ra1 g5+ 45. Nxg5 Kg6 46. Ra6+ Kg7 47. Ra7+ Kg6 48. Rxh7 Rxb4 49. Ra7 Rb1 50. Ra6+ Kh5 51. Nxe4 Rf1+ 52. Ke5 Rf3 53. Nf6+ Kg5 54. Nh7+ Kh5 55. e4 1-0